Diversidad genética de tres poblaciones de Colombobalanus excelsa (Forman) Nixon and CrePet, (Fagaceae), especie endémica de los Andes colombianos (Registro nro. 2802)

Detalles MARC
000 -CABECERA
Campo de control 01009nam a2200265 a 4500
005 - FECHA Y HORA DE LA ULTIMA TRANSACCION
Campo de control 20200104041536.0
008 - ELEMENTOS DE LONGITUD FIJA—INFORMACION GENERAL
Campo de control 140307b2001 ck |||||rm||| 00| 0 spa d
040 ## - FUENTE DE CATALOGACIÓN
Agencia catalogadora original CO-BoIAVH
Agencia transcriptora CO-BoIAVH
041 ## - IDIOMA
Código de idioma para texto/pista de sonido o título separado Español
044 ## - PAÍS DE PUBLICACIÓN
País de publicación Colombia
090 ## - CLASIFICACIÓN LOCAL
Colección TE-
Consecutivo 0127
100 1# - ASIENTO PRINCIPAL--NOMBRE PERSONAL
Nombre personal González Valencia, Eliana
9 (RLIN) 17498
245 10 - MENCION DE TITULO
Título Diversidad genética de tres poblaciones de Colombobalanus excelsa (Forman) Nixon and CrePet, (Fagaceae), especie endémica de los Andes colombianos
260 ## - PUBLICACION, DISTRIBUCION, ETC. (PIE DE IMPRENTA)
Lugar de publicación, distribución, etc. Cali:
Nombre del editor, distribuidor, etc. Universidad del Valle,
Fecha de publicación, distribución, etc. 2001.
300 ## - DESCRIPCION FISICA
Extensión 67 páginas
502 ## - NOTA DE TESIS
Nota de tesis Trabajo de grado presentado como requisito para optar al título de bióloga con mención de botánica
650 16 - ASIENTO SECUNDARIO DE MATERIA - TERMINO TEMATICO
Término temático o nombre geográfico como elemento de entrada Arboles
9 (RLIN) 75329
650 16 - ASIENTO SECUNDARIO DE MATERIA - TERMINO TEMATICO
Término temático o nombre geográfico como elemento de entrada Especies endémicas
9 (RLIN) 75330
650 16 - ASIENTO SECUNDARIO DE MATERIA - TERMINO TEMATICO
Término temático o nombre geográfico como elemento de entrada Especies amenazadas
9 (RLIN) 157
650 16 - ASIENTO SECUNDARIO DE MATERIA - TERMINO TEMATICO
Término temático o nombre geográfico como elemento de entrada Diversidad genética
9 (RLIN) 2003
650 16 - ASIENTO SECUNDARIO DE MATERIA - TERMINO TEMATICO
Término temático o nombre geográfico como elemento de entrada Bosques subandinos
9 (RLIN) 17501
700 1# - ASIENTO SECUNDARIO - NOMBRE PERSONAL
9 (RLIN) 98412
Nombre personal Fernández Manjarrés, Juan Fernando
Término de relación Director
700 1# - ASIENTO SECUNDARIO - NOMBRE PERSONAL
9 (RLIN) 101265
Nombre personal Cárdenas Henao, Heiber
Término de relación Co-director
942 ## - ELEMENTOS ADICIONALES (KOHA)
Tipo de ítem Tesis
Sistema de clasificación Local
Existencias
Withdrawn status Lost status Sistema de Clasificación Damaged status No para préstamo Colección Ubicación Permanente Ubicación actual Fecha de adquisición Fuente de Valor Total Checkouts Número topográfico Inventario / Código de Barras Date last seen Ejemplar Price effective from Forma de adquisición Tipo de material Public note
    Local     Tesis Bogotá Bogotá 28/06/2002 Programa Becas   TE-0127 003281 04/12/2012 Ej. 1 04/12/2012 Donación Tesis Disponible solo para consulta en sala